[Event "Tournoi Skype 025B"]
[Site "Skype"]
[Date "????.??.??"]
[Round "7.1"]
[White "Pouteau, Pascal"]
[Black "Teles, Jeferson Lisboa"]
[Result "1/2-1/2"]
[WhiteElo "1457"]
[BlackElo "1417"]
[PlyCount "46"]

1. d4 e5 2. dxe5 Nc6 3. Nf3 Qe7 4. Nc3 Nxe5 5. Nxe5 Qxe5 6. e4 Nf6 7. Bd3 Bb4
8. Bd2 O-O 9. Qe2 d6 10. a3 Qa5 11. O-O Bxc3 12. Bxc3 Qg5 13. Bd2 Qg4 14. Rae1
b6 15. Qe3 h6 16. Be2 Qg6 17. Bd3 Bb7 18. f3 Qh5 19. Qf4 Qe5 20. Bc1 a5 21. Qh4
Qh5 22. Qg3 Qg6 23. Qh4 Qh5 1/2-1/2

[Event "Tournoi Skype 025B"]
[Site "Skype"]
[Date "????.??.??"]
[Round "7.3"]
[White "Scata, Laura"]
[Black "Rushdi, Tuan"]
[Result "1/2-1/2"]
[WhiteElo "1320"]
[BlackElo "1005"]
[PlyCount "45"]

1. d4 Nf6 2. Nf3 c5 3. c3 cxd4 4. cxd4 d6 5. Bf4 g6 6. e3 Bg7 7. Nc3 O-O 8. Bd3
Nc6 9. e4 Bg4 10. Be2 Nh5 11. Be3 Nf6 12. h3 Bxf3 13. Bxf3 a6 14. a3 Na5 15.
Be2 Rc8 16. Rc1 Nc4 17. Bxc4 Rxc4 18. O-O Qa5 19. Qd2 Rfc8 20. f3 e6 21. Ne2
Qc7 22. Rxc4 Qxc4 23. Rc1 1/2-1/2

[Event "Tournoi Skype 025B"]
[Site "Skype"]
[Date "????.??.??"]
[Round "7.4"]
[White "Couto, Januario"]
[Black "Cayo, Ana Carolina"]
[Result "1/2-1/2"]
[WhiteElo "1433"]
[BlackElo "1431"]
[PlyCount "48"]

1. c4 c6 2. e4 d5 3. Nc3 dxe4 4. Nxe4 Bf5 5. Ng3 Bg6 6. Nf3 e6 7. h4 Bd3 8.
Bxd3 Qxd3 9. Qe2 Qxe2+ 10. Kxe2 Nf6 11. d4 Nbd7 12. Bf4 c5 13. Rad1 Rc8 14. b3
Be7 15. Rhe1 cxd4 16. Nxd4 e5 17. Bxe5 Nxe5 18. Ndf5 g6 19. Nxe7 Kxe7 20. Kf1
Rhd8 21. Rxe5+ Kf8 22. Rxd8+ Rxd8 23. Re1 Rd2 24. Re2 Rd1+ 1/2-1/2

[Event "Tournoi Skype 025B"]
[Site "Skype"]
[Date "????.??.??"]
[Round "7.5"]
[White "Balanagendran"]
[Black "Lucena Vaz, Jose"]
[Result "0-1"]
[WhiteElo "1361"]
[BlackElo "1430"]
[PlyCount "72"]

1. d4 Nf6 2. c4 g6 3. Nf3 Bg7 4. g3 O-O 5. Bg2 Re8 6. O-O d6 7. Nbd2 Nbd7 8. e3
c6 9. b3 e5 10. Bb2 a6 11. Qc2 Qb6 12. dxe5 dxe5 13. a3 a5 14. Rac1 Nh5 15. Ng5
Nc5 16. Nge4 Bf5 17. g4 Bxg4 18. Nxc5 Qxc5 19. Ne4 Qe7 20. c5 Qe6 21. Nd6 Re7
22. Rfe1 Nf6 23. e4 Ne8 24. Nc4 Rd8 25. Nxa5 Red7 26. Bf1 Bf3 27. h3 Qe7 28.
Kh2 Rd2 29. Qc4 Qh4 30. Bg2 Qxf2 31. Qf1 Qxg2+ 32. Qxg2 Rxg2+ 33. Kh1 Rxb2+ 34.
Kg1 Rg2+ 35. Kh1 Rdd2 36. Nxb7 Rg3# 0-1

[Event "Tournoi Skype 025B"]
[Site "Skype"]
[Date "????.??.??"]
[Round "7.6"]
[White "Galani, Mahendra"]
[Black "Hernandez, George"]
[Result "0-1"]
[WhiteElo "1484"]
[BlackElo "1334"]
[PlyCount "52"]

1. e4 e5 2. Ne2 Nf6 3. Ng3 Nc6 4. Bb5 Bc5 5. Nc3 d5 6. exd5 Nxd5 7. Nce4 Bb6 8.
Nh5 O-O 9. Qf3 Nd4 10. Qd3 Nb4 11. Qg3 Nf5 12. Qc3 Nd4 13. Ba4 Nd5 14. Qg3 Nf5
15. Qf3 Kh8 16. c3 Nh4 17. Qg3 Nf5 18. Qg4 g6 19. Nhg3 Nh6 20. Qe2 Nf4 21. Qf1
f5 22. d3 Nxd3+ 23. Ke2 fxe4 24. Bxh6 Rxf2+ 25. Qxf2 Nxf2 26. Raf1 Qd3+ 0-1

[Event "Tournoi Skype 025B"]
[Site "Skype"]
[Date "????.??.??"]
[Round "7.7"]
[White "Amato, Ludovica"]
[Black "De Nobrega, George"]
[Result "1-0"]
[WhiteElo "1379"]
[BlackElo "1317"]
[PlyCount "149"]

1. e4 e5 2. Nf3 d6 3. d4 exd4 4. Nxd4 Nf6 5. Nc3 Bd7 6. Bc4 Nc6 7. O-O Nxd4 8.
Qxd4 Be7 9. h3 O-O 10. Bf4 Bc6 11. Rad1 Nh5 12. Bh2 Bf6 13. Qd3 Be5 14. Bxe5
dxe5 15. Qe3 Qe7 16. Rd2 a6 17. a3 Nf4 18. Ne2 Qg5 19. Nxf4 Qxf4 20. Qxf4 exf4
21. Bd5 Bxd5 22. exd5 Rfe8 23. Rfd1 Rad8 24. Kf1 Rd6 25. Rd4 Re5 26. c4 b6 27.
Rxf4 g6 28. Re1 Rxe1+ 29. Kxe1 c6 30. Rd4 cxd5 31. Rxd5 Rxd5 32. cxd5 Kf8 33.
Kd2 Ke7 34. Kd3 Kd6 35. Kd4 a5 36. Kc4 Kc7 37. Kb5 f5 38. g3 g5 39. b3 h5 40.
f3 f4 41. g4 hxg4 42. hxg4 Kd6 43. Kxb6 Kxd5 44. Kxa5 Kd4 45. b4 Ke3 46. b5
Kxf3 47. b6 Kg2 48. b7 f3 49. b8=Q f2 50. Qb2 Kg1 51. Qd4 Kg2 52. Qd2 Kg1 53.
Qe3 Kg2 54. Qe2 Kg1 55. Kb6 f1=Q 56. Qxf1+ Kxf1 57. a4 Kf2 58. a5 Kf3 59. a6
Kxg4 60. a7 Kh3 61. a8=Q g4 62. Qa1 g3 63. Kc5 g2 64. Kd4 Kh2 65. Qb2 Kh1 66.
Qb7 Kh2 67. Qh7+ Kg3 68. Qg6+ Kf2 69. Qf5+ Kg3 70. Qg5+ Kf2 71. Qf4+ Kg1 72.
Ke3 Kh1 73. Qh4+ Kg1 74. Kf3 Kf1 75. Qf2# 1-0

[Event "Tournoi Skype 025B"]
[Site "Skype"]
[Date "????.??.??"]
[Round "7.8"]
[White "Gerbaux, Regis"]
[Black "Castellar, Juarez Iorio"]
[Result "1-0"]
[WhiteElo "1355"]
[BlackElo "1298"]
[PlyCount "69"]

1. d4 Nf6 2. Bf4 d6 3. Nd2 g6 4. Ngf3 Bg7 5. c3 b6 6. e4 Bb7 7. Bd3 O-O 8. O-O
Re8 9. e5 dxe5 10. Nxe5 Nfd7 11. Qe2 c5 12. Be4 Bxe4 13. Nxe4 cxd4 14. cxd4
Nxe5 15. dxe5 e6 16. Bg5 Qc7 17. Nf6+ Bxf6 18. Bxf6 Nd7 19. Rac1 Qb7 20. Rfe1
Nxf6 21. exf6 Kh8 22. Qe5 Qb8 23. Qg5 Qd6 24. Re3 Rad8 25. Ree1 Qd2 26. Qxd2
Rxd2 27. Rc7 Kg8 28. Re7 Red8 29. Rxa7 Rxb2 30. Rc1 Rbd2 31. g3 R2d7 32. Rxd7
Ra8 33. Rcd1 Rf8 34. Rd8 h5 35. Rxf8+ 1-0

[Event "Tournoi Skype 025B"]
[Site "Skype"]
[Date "????.??.??"]
[Round "7.9"]
[White "Farfallini, Michel"]
[Black "Munoz Gonzalez, Martin"]
[Result "0-1"]
[WhiteElo "1245"]
[BlackElo "1353"]
[PlyCount "46"]

1. e4 d6 2. d4 Nf6 3. Nc3 Bd7 4. Be2 Nc6 5. Nf3 g6 6. O-O Bg7 7. b3 O-O 8. Bb2
Bg4 9. Re1 Nd7 10. Qd2 Bxf3 11. Bxf3 Nxd4 12. Qd3 Nxc2 13. Qxc2 Ne5 14. Be2 c6
15. Rad1 Rc8 16. Kh1 Qa5 17. f4 Nd7 18. Ba1 Nf6 19. e5 dxe5 20. Bc4 e6 21. fxe5
Nd5 22. Nxd5 cxd5 23. Qd3 dxc4 0-1

[Event "Tournoi Skype 025B"]
[Site "Skype"]
[Date "????.??.??"]
[Round "7.10"]
[White "Luna Perez Vico, Lorenzo"]
[Black "Santos, Joselito"]
[Result "1-0"]
[WhiteElo "1352"]
[BlackElo "1294"]
[PlyCount "51"]

1. e4 g6 2. d4 Bg7 3. g3 d6 4. Bg2 e5 5. dxe5 Bxe5 6. Nf3 Ne7 7. Nxe5 O-O 8.
Nf3 Nbc6 9. O-O Bg4 10. Be3 h5 11. h3 Bxf3 12. Bxf3 Ne5 13. Be2 c5 14. Nd2 a5
15. Nc4 Nxc4 16. Bxc4 Qd7 17. h4 b6 18. Bf4 Rfd8 19. a4 Kg7 20. Kg2 Nc6 21. Bb5
Qc7 22. Bxc6 Qxc6 23. Qd5 Qxd5 24. exd5 Rd7 25. Rfe1 f6 26. Re6 1-0

[Event "Tournoi Skype 025B"]
[Site "Skype"]
[Date "????.??.??"]
[Round "7.11"]
[White "Sanchez Padilla, Armando Edilber"]
[Black "Rosenkoetter, David"]
[Result "0-1"]
[WhiteElo "1329"]
[BlackElo "1270"]
[PlyCount "60"]

1. e4 c6 2. Nf3 d5 3. e5 Bf5 4. d4 e6 5. Nc3 Bb4 6. Bd2 h6 7. a3 Bxc3 8. Bxc3
Ne7 9. Bb4 a6 10. Bd3 Nd7 11. Nh4 Be4 12. Qg4 Rg8 13. Bxe4 dxe4 14. Qxe4 Rc8
15. Qh7 Nf8 16. Qd3 Nfg6 17. Qe4 Nxh4 18. Qxh4 Nf5 19. Qf4 Qxd4 20. Bc3 Qxf4
21. Bd2 Qe4+ 22. Be3 Nxe3 23. fxe3 Qxe3+ 24. Kf1 Rd8 25. Re1 Qd2 26. h4 Qf4+
27. Kg1 Rd2 28. Rf1 Qe4 29. Rh2 Qd4+ 30. Kh1 Rd1 0-1

[Event "Tournoi Skype 025B"]
[Site "Skype"]
[Date "????.??.??"]
[Round "7.12"]
[White "Moumtaz, Abderrahim"]
[Black "Mantelli, Luca"]
[Result "0-1"]
[WhiteElo "1244"]
[BlackElo "1320"]
[PlyCount "56"]

1. d4 Nf6 2. c4 e6 3. Nc3 d5 4. Nf3 c6 5. Bf4 dxc4 6. e4 Bb4 7. e5 Ne4 8. Qc2
Nxc3 9. bxc3 Be7 10. Bxc4 Nd7 11. Bd3 b6 12. O-O Bb7 13. Rac1 c5 14. Qe2 Qc8
15. Be3 Bf8 16. Bb5 Bd5 17. h3 a6 18. Bd3 c4 19. Bc2 b5 20. Ng5 g6 21. Ne4 Qb7
22. f3 Be7 23. Bg5 h6 24. Bxe7 Kxe7 25. Ng3 g5 26. Be4 Rag8 27. Bxd5 Qxd5 28.
Nf5+ exf5 0-1

[Event "Tournoi Skype 025B"]
[Site "Skype"]
[Date "????.??.??"]
[Round "7.13"]
[White "Bendre, Pankaj"]
[Black "Rodriguez, Nathalie"]
[Result "1-0"]
[WhiteElo "1486"]
[BlackElo "1319"]
[PlyCount "65"]

1. e4 e5 2. Nf3 Nc6 3. Bb5 d6 4. c3 Bd7 5. O-O h6 6. d4 Nf6 7. Re1 Be7 8. d5
Nb8 9. Bxd7+ Qxd7 10. c4 O-O 11. Nc3 c6 12. Qb3 cxd5 13. cxd5 Na6 14. Na4 Nc5
15. Nxc5 dxc5 16. Nxe5 Qd6 17. Bf4 Rac8 18. Ng6 c4 19. Qc3 Qd8 20. Nxf8 Qxf8
21. a3 Nh5 22. Be5 f6 23. Bd4 a6 24. Qf3 Qf7 25. g4 Nf4 26. Qxf4 Qf8 27. e5 b5
28. d6 Bd8 29. e6 Ba5 30. Re2 Bd8 31. e7 Bxe7 32. dxe7 Qxe7 33. Rxe7 1-0

[Event "Tournoi Skype 025B"]
[Site "Skype"]
[Date "????.??.??"]
[Round "7.14"]
[White "Duthoit, Bernard"]
[Black "Torres, Vicky"]
[Result "0-1"]
[WhiteElo "1422"]
[BlackElo "1276"]
[PlyCount "92"]

1. e4 c5 2. Nf3 Nc6 3. d4 cxd4 4. Nxd4 Nxd4 5. Qxd4 a6 6. Nc3 d6 7. Bc4 e5 8.
Qd1 Nf6 9. Bg5 Be7 10. Bxf6 Bxf6 11. Nd5 O-O 12. Qf3 b5 13. Nxf6+ Qxf6 14. Qxf6
gxf6 15. Bd5 Rb8 16. c4 f5 17. cxb5 Rxb5 18. b3 Kg7 19. O-O fxe4 20. Bxe4 Rb4
21. f3 a5 22. Rfd1 Rd4 23. Rxd4 exd4 24. Rd1 f5 25. Bd5 Re8 26. Kf2 Ba6 27. Kg3
Kg6 28. Rxd4 h5 29. h4 Kf6 30. Bc4 Bxc4 31. Rxc4 Re2 32. Ra4 d5 33. Rxa5 Ke5
34. a4 f4+ 35. Kh2 Kd4 36. b4 Rb2 37. b5 Kc4 38. Ra8 d4 39. Rd8 d3 40. Rc8+ Kd4
41. Rc1 Ke3 42. a5 d2 43. Ra1 Rxb5 44. a6 Rb8 45. Kg1 Ke2 46. Ra2 Ke1 0-1

[Event "Tournoi Skype 025B"]
[Site "Skype"]
[Date "????.??.??"]
[Round "7.15"]
[White "De Coninck, Philippe"]
[Black "Vincent, Andre"]
[Result "1/2-1/2"]
[WhiteElo "1354"]
[BlackElo "1273"]
[PlyCount "46"]

1. e4 e5 2. f4 d6 3. Nf3 Nf6 4. Nc3 Bg4 5. Bc4 Nc6 6. Bb5 a6 7. Bxc6+ bxc6 8.
O-O d5 9. d3 Bc5+ 10. Kh1 dxe4 11. dxe4 Qxd1 12. Nxd1 Bxf3 13. Rxf3 Nxe4 14.
Be3 Rd8 15. Bxc5 Nxc5 16. fxe5 O-O 17. Nf2 Rd5 18. Re1 Rfd8 19. Rfe3 Rd2 20.
R3e2 Rxe2 21. Rxe2 h5 22. h3 Kf8 23. Ne4 Ne6 1/2-1/2

[Event "Tournoi Skype 025B"]
[Site "Skype"]
[Date "????.??.??"]
[Round "7.16"]
[White "Felippe E Silva, Glenda"]
[Black "Malbec, Robert"]
[Result "1-0"]
[WhiteElo "1288"]
[BlackElo "1394"]
[PlyCount "93"]

1. d4 d5 2. Nf3 Nf6 3. Bf4 e6 4. e3 Nc6 5. c3 Bd6 6. Bg3 O-O 7. Bd3 Re8 8. O-O
e5 9. dxe5 Nxe5 10. Nxe5 Bxe5 11. Bxe5 Rxe5 12. Nd2 Bg4 13. Nf3 Re8 14. h3 Bh5
15. Be2 c6 16. Nd4 Bxe2 17. Qxe2 Rb8 18. Rfd1 Qc7 19. Rac1 Qa5 20. a3 Qc7 21.
c4 Qe5 22. cxd5 Nxd5 23. Rd2 a6 24. b4 Nf6 25. a4 Ne4 26. Rdc2 Qe7 27. b5 c5
28. Nf5 Qe5 29. Qf3 a5 30. Rc4 Nd2 31. Qg4 Nxc4 32. Rxc4 Qf6 33. Rxc5 Re6 34.
Rc6 b6 35. Rxe6 fxe6 36. Nd4 Re8 37. Nc6 Rf8 38. f3 Qf5 39. Ne7+ Kh8 40. Nxf5
exf5 41. Qd4 Rb8 42. Qd6 Rc8 43. Qxb6 h6 44. Qe6 Rc1+ 45. Kh2 Rc3 46. b6 Rxe3
47. Qxe3 1-0

[Event "Tournoi Skype 025B"]
[Site "Skype"]
[Date "????.??.??"]
[Round "7.17"]
[White "Franco, Yolima"]
[Black "Codina, Teresa"]
[Result "0-1"]
[WhiteElo "1574"]
[BlackElo "1195"]
[PlyCount "70"]

1. d4 Nf6 2. c4 c6 3. Nc3 d5 4. Nf3 e6 5. a3 Be7 6. Bf4 O-O 7. e3 Nbd7 8. Bd3
Nh5 9. Qc2 Ndf6 10. Ng5 g6 11. Be5 Re8 12. O-O-O Bf8 13. g4 Nxg4 14. f4 Nxe5
15. dxe5 Ng7 16. h4 Be7 17. h5 Bxg5 18. hxg6 fxg6 19. fxg5 Qxg5 20. Rde1 Qxe5
21. Bxg6 hxg6 22. Qxg6 Qf5 23. Qh7+ Qxh7 24. Rxh7 Kxh7 25. Rh1+ Kg8 26. e4 dxe4
27. Nxe4 e5 28. Nf6+ Kf8 29. Nxe8 Nxe8 30. Kd2 Be6 31. b3 e4 32. Ke3 Nf6 33.
Kf4 Rd8 34. Ke5 Ke7 35. Rh7+ Nxh7 0-1

[Event "Tournoi Skype 025B"]
[Site "Skype"]
[Date "????.??.??"]
[Round "7.19"]
[White "Perez, Luis Horacio"]
[Black "Le Bouill, Pierre"]
[Result "0-1"]
[WhiteElo "1397"]
[BlackElo "1182"]
[PlyCount "52"]

1. Nf3 Nf6 2. d4 d5 3. e3 c6 4. Bd3 e6 5. c4 Be7 6. cxd5 cxd5 7. Bb5+ Bd7 8.
Bxd7+ Nbxd7 9. O-O Bd6 10. Nbd2 Qc7 11. Re1 O-O 12. e4 e5 13. dxe5 Nxe5 14.
exd5 Nxf3+ 15. Nxf3 Rfe8 16. Bg5 Ne4 17. Bh4 Bb4 18. Rc1 Qd7 19. Re2 Rac8 20.
Rxc8 Qxc8 21. a3 Bd6 22. Qd4 Nc5 23. Rxe8+ Qxe8 24. Qg4 Qe4 25. Qc8+ Bf8 26. d6
Qb1+ 0-1

[Event "Tournoi Skype 025B"]
[Site "Skype"]
[Date "????.??.??"]
[Round "7.21"]
[White "Conde, Carmen"]
[Black "Borg, Anthony"]
[Result "0-1"]
[WhiteElo "1183"]
[BlackElo "1348"]
[PlyCount "81"]

1. Nf3 Nc6 2. d3 e6 3. e4 Nf6 4. Bf4 d6 5. Nc3 e5 6. Bg5 Be7 7. Be2 h6 8. Bh4
g5 9. Bg3 Nh5 10. Qd2 Nxg3 11. hxg3 Be6 12. g4 Bxg4 13. O-O-O Qd7 14. a3 O-O-O
15. Qe3 Kb8 16. Nb5 a6 17. Nc3 Bxf3 18. gxf3 Qe6 19. Rd2 f5 20. Bf1 f4 21. Qe2
Nd4 22. Qd1 d5 23. Bh3 Qf7 24. Bg4 h5 25. Bh3 Rd6 26. Rg1 dxe4 27. dxe4 Rhd8
28. Rd3 h4 29. Kb1 Rb6 30. Na4 Rb5 31. c3 Nc6 32. Rxg5 Bxg5 33. Qc2 Rxd3 34.
Qxd3 Qb3 35. Qc2 Qxa3 36. Kc1 Qa1+ 37. Kd2 Qh1 38. Bg4 Qg1 39. c4 Qxf2+ 40. Kd3
Nb4+ 41. Kc3 0-1

[Event "Tournoi Skype 025B"]
[Site "Skype"]
[Date "????.??.??"]
[Round "7.22"]
[White "Cengiz, Ali Ekber"]
[Black "Almiron, Patricia"]
[Result "0-1"]
[WhiteElo "1147"]
[BlackElo "1270"]
[PlyCount "64"]

1. e4 d5 2. e5 d4 3. Nf3 Nc6 4. Bb5 g5 5. h3 Qd5 6. Ba4 Bd7 7. Bb3 Qc5 8. d3
Nxe5 9. Nxg5 Bh6 10. Ne4 Qb5 11. Bxh6 Nxh6 12. Na3 Qb4+ 13. c3 dxc3 14. Nxc3
Bf5 15. Qe2 Nxd3+ 16. Kf1 Nf4 17. Qf3 O-O-O 18. g3 Bxh3+ 19. Kg1 Bg2 20. Qxf4
Qxf4 21. gxf4 Bxh1 22. Kxh1 Kb8 23. Nd5 e6 24. Nf6 Rd4 25. Nb5 Rb4 26. Nd7+ Kc8
27. Nxa7+ Kxd7 28. Rd1+ Ke7 29. Rd3 Ra8 30. a3 Rb6 31. Rh3 Rxa7 32. Rxh6 Rxb3
0-1

[Event "Tournoi Skype 025B"]
[Site "Skype"]
[Date "????.??.??"]
[Round "7.23"]
[White "Bustos, Ricardo"]
[Black "Battaglia, Gabriele"]
[Result "0-1"]
[WhiteElo "1174"]
[BlackElo "1248"]
[PlyCount "52"]

1. d4 Nf6 2. Nf3 g6 3. c4 Bg7 4. Nc3 O-O 5. e4 c5 6. d5 e6 7. Be2 exd5 8. exd5
d6 9. O-O Bg4 10. h3 Bxf3 11. Bxf3 Nfd7 12. Qd3 Ne5 13. Qd2 Nxf3+ 14. gxf3 Nd7
15. f4 Bh6 16. Qd3 Bg7 17. Ne4 Qe7 18. Re1 Rfe8 19. Bd2 Rab8 20. Nxc5 Nxc5 21.
Qg3 Qf6 22. Bc3 Qf5 23. Bxg7 Kxg7 24. Qf3 Nd3 25. Qg4 Rxe1+ 26. Rxe1 Qxg4+ 0-1

[Event "Tournoi Skype 025B"]
[Site "Skype"]
[Date "????.??.??"]
[Round "7.24"]
[White "Porcabeuf, Jean-Marc"]
[Black "Yilmazer, Seher"]
[Result "0-1"]
[WhiteElo "1129"]
[BlackElo "1241"]
[PlyCount "72"]

1. e4 c6 2. Nf3 d5 3. e5 Qc7 4. d4 Be6 5. h3 Nd7 6. Bd3 f6 7. O-O O-O-O 8. Re1
Re8 9. c4 dxc4 10. Be4 Nh6 11. Nc3 Qb6 12. Rb1 Nf5 13. Bxf5 Bxf5 14. Ra1 Be6
15. Na4 Qb4 16. Nc5 Nxc5 17. dxc5 Qxc5 18. Be3 Qb4 19. Rb1 Bf5 20. Rc1 Qxb2 21.
a4 Rd8 22. Nd4 fxe5 23. Qf3 Bd7 24. Nc2 b6 25. a5 e6 26. axb6 axb6 27. Na1 b5
28. Rb1 Qa3 29. Nc2 Qd3 30. Nb4 Bxb4 31. Rxb4 Qd5 32. Qe2 c5 33. Rbb1 Bc6 34.
Qf1 e4 35. Qe2 c3 36. Qa2 Qxa2 0-1

[Event "Tournoi Skype 025B"]
[Site "Skype"]
[Date "????.??.??"]
[Round "7.25"]
[White "Hernandez Lopez, Joaquin"]
[Black "De Fazio, Monica"]
[Result "1-0"]
[WhiteElo "1207"]
[BlackElo "1000"]
[PlyCount "63"]

1. d4 Nf6 2. Bf4 g6 3. e3 Bg7 4. Nc3 O-O 5. Nb5 d6 6. Bc4 a6 7. Nc3 Nbd7 8. Nf3
b5 9. Bd5 Nxd5 10. Nxd5 Bb7 11. Nc3 Re8 12. O-O e5 13. dxe5 dxe5 14. Bg5 f6 15.
Bh4 Qe7 16. Re1 Nc5 17. e4 Rad8 18. Qe2 Qe6 19. h3 Rd7 20. b4 Na4 21. Nxa4 bxa4
22. a3 f5 23. Rad1 Rf7 24. Ng5 Qc6 25. Nxf7 Kxf7 26. Rd8 Re7 27. Bxe7 Kxe7 28.
Red1 Qxe4 29. Qxe4 fxe4 30. R1d7+ Ke6 31. Rxg7 Kf6 32. Rxc7 1-0

[Event "Tournoi Skype 025B"]
[Site "Skype"]
[Date "????.??.??"]
[Round "7.26"]
[White "Reese, Evan"]
[Black "Mendoza Lainez, Ricardo Jose"]
[Result "1/2-1/2"]
[WhiteElo "1000"]
[BlackElo "1206"]
[PlyCount "82"]

1. e4 e5 2. Nc3 Bc5 3. Nf3 d6 4. Bc4 Be6 5. b3 a6 6. O-O b5 7. Bxe6 fxe6 8. Bb2
Nf6 9. Ne2 O-O 10. d4 Ba7 11. Ng5 Qe8 12. dxe5 Ng4 13. exd6 Bxf2+ 14. Rxf2 Rxf2
15. dxc7 Nd7 16. Nd4 Qh5 17. Ndf3 h6 18. Qxd7 Rxg2+ 19. Kxg2 Ne3+ 20. Kf2 Ng4+
21. Ke2 e5 22. Qd8+ Qe8 23. Qd5+ Kh8 24. Nf7+ Kh7 25. N3xe5 Nf6 26. Qd2 b4 27.
Rd1 Qb5+ 28. c4 bxc3+ 29. Qd3 cxb2 30. Qxb5 axb5 31. Nd3 Nxe4 32. Nxb2 Nc3+ 33.
Ke1 Nxd1 34. Nxd1 Rc8 35. Nc3 Rxc7 36. Nxb5 Rxf7 37. a4 Re7+ 38. Kd2 g5 39. b4
g4 40. a5 g3 41. hxg3 Rb7 1/2-1/2

[Event "Tournoi Skype 025B"]
[Site "Skype"]
[Date "????.??.??"]
[Round "7.28"]
[White "Swanepoel, Karel"]
[Black "Ruiz Gomez, Luz Alba"]
[Result "0-1"]
[WhiteElo "1036"]
[BlackElo "1279"]
[PlyCount "106"]

1. e4 e5 2. Nf3 Nc6 3. Bb5 a6 4. Ba4 Nf6 5. O-O b5 6. Bb3 Bc5 7. c3 O-O 8. Re1
d6 9. d4 exd4 10. cxd4 Bb4 11. Nbd2 Re8 12. Ng5 d5 13. exd5 Nxd4 14. d6 Nxb3
15. dxc7 Qd5 16. Rxe8+ Nxe8 17. Qh5 h6 18. Nxb3 Bb7 19. Qxf7+ Qxf7 20. Nxf7
Kxf7 21. Bf4 Nf6 22. Rd1 Re8 23. Kf1 Bc8 24. a3 Be7 25. Nd4 Bc5 26. b4 Bb6 27.
Nf5 Bxf5 28. f3 Re7 29. g4 Bc8 30. Rd8 Bxc7 31. Rxc8 Bxf4 32. Ra8 Bd2 33. Kg2
Re2+ 34. Kg3 Kg6 35. Rxa6 Bc3 36. Rb6 Re5 37. f4 Rd5 38. f5+ Kf7 39. Rb7+ Kf8
40. h4 Be5+ 41. Kf3 Rd3+ 42. Ke2 Rxa3 43. Rxb5 Bd4 44. Rb8+ Kf7 45. b5 Rb3 46.
g5 hxg5 47. hxg5 Ne4 48. g6+ Kf6 49. Rf8+ Kg5 50. Rg8 Rxb5 51. f6 Nxf6 52. Rd8
Ba7 53. Rg8 Nxg8 0-1

[Event "Tournoi Skype 025B"]
[Site "Skype"]
[Date "????.??.??"]
[Round "7.29"]
[White "Sanchez, Pedro"]
[Black "Vervoort, Jean-Louis"]
[Result "1-0"]
[WhiteElo "1193"]
[BlackElo "1192"]
[PlyCount "77"]

1. e4 e5 2. Nf3 Nc6 3. a3 Nf6 4. Bd3 Bc5 5. b4 Bb6 6. Bb2 d6 7. Nc3 Ng4 8. O-O
Nxf2 9. Rxf2 Bxf2+ 10. Kxf2 Bg4 11. Bc4 Bxf3 12. Qxf3 Qh4+ 13. g3 Qxh2+ 14. Ke3
Qh6+ 15. Kd3 O-O 16. Nd1 Nd4 17. Bxd4 exd4 18. Nf2 Rae8 19. Rh1 Qg6 20. g4 Re7
21. Kxd4 Rfe8 22. Bd3 Qf6+ 23. Qxf6 gxf6 24. Kc3 Re5 25. g5 fxg5 26. Ng4 R5e6
27. e5 dxe5 28. Bxh7+ Kf8 29. Bf5 Rd6 30. Rh5 f6 31. Rh8+ Kf7 32. Nh6+ Ke7 33.
Rh7+ Kf8 34. Rh8+ Ke7 35. Ng8+ Kf7 36. Nh6+ Ke7 37. Rh7+ Kf8 38. b5 c6 39. Rf7#
1-0

[Event "Tournoi Skype 025B"]
[Site "Skype"]
[Date "????.??.??"]
[Round "7.30"]
[White "Alverson, Ginny"]
[Black "Yanez, Leticia Jorgelina"]
[Result "1-0"]
[WhiteElo "1078"]
[BlackElo "1287"]
[PlyCount "61"]

1. Nf3 Nf6 2. d4 d5 3. Nc3 Bf5 4. e3 Nc6 5. Bd3 e6 6. O-O Be7 7. Bxf5 exf5 8.
Ng5 Ng4 9. Nf3 Qd6 10. g3 Qh6 11. h4 O-O 12. Qd3 Bd6 13. Qxf5 Nf6 14. Nb5 Ne7
15. Qg5 Qh5 16. Qxh5 Nxh5 17. Nxd6 cxd6 18. Re1 Rae8 19. e4 Ng6 20. e5 f6 21.
exd6 Rxe1+ 22. Nxe1 f5 23. Bg5 f4 24. g4 h6 25. gxh5 Nh8 26. Be7 Re8 27. d7
Rxe7 28. d8=Q+ Kf7 29. Qxh8 Re6 30. Qc8 Kf6 31. Qf8# 1-0

[Event "Tournoi Skype 025B"]
[Site "Skype"]
[Date "????.??.??"]
[Round "7.31"]
[White "Dib, Catherine"]
[Black "Maccaferri, Massimo"]
[Result "1-0"]
[WhiteElo "1048"]
[BlackElo "1215"]
[PlyCount "55"]

1. Nf3 Nc6 2. c4 e5 3. d3 Qe7 4. Nc3 d6 5. e4 f5 6. Be2 Qf6 7. O-O Qg6 8. Nd5
Kd8 9. b3 Be7 10. Bb2 fxe4 11. Ne1 h5 12. g3 exd3 13. Bxd3 Qg5 14. f4 exf4 15.
Nxf4 Bg4 16. Be2 Kd7 17. Ned3 Bh3 18. Nxh3 Qg6 19. Nhf4 Qg5 20. Nxh5 Nf6 21.
Ndf4 g6 22. Nxf6+ Bxf6 23. Bxf6 Qxf6 24. Nd5 Qg7 25. Bg4+ Kd8 26. Re1 Qh6 27.
Qe2 Nd4 28. Qe7# 1-0

[Event "Tournoi Skype 025B"]
[Site "Skype"]
[Date "????.??.??"]
[Round "7.32"]
[White "Conde, Abigail"]
[Black "Prasad, Sanjay"]
[Result "0-1"]
[WhiteElo "1000"]
[BlackElo "1212"]
[PlyCount "90"]

1. e4 e5 2. Nf3 Nc6 3. c3 Nf6 4. Qe2 d5 5. d3 dxe4 6. dxe4 h6 7. Be3 Nxe4 8.
Na3 Bc5 9. Nc4 Bxe3 10. Qxe3 Qd5 11. Rd1 Qc5 12. Qxe4 Be6 13. b4 Qe7 14. Ne3
Bxa2 15. Nf5 Qf6 16. Bd3 Be6 17. Qg4 Bxf5 18. Bxf5 e4 19. Bxe4 Qxc3+ 20. Nd2
O-O 21. O-O Nxb4 22. Nf3 c6 23. Qg5 hxg5 24. Nxg5 g6 25. Rfe1 Rad8 26. Rc1 Qf6
27. Nh3 Rfe8 28. Rc4 Nd3 29. Re3 Qxf2+ 30. Nxf2 Nxf2 31. Kxf2 f5 32. Bb1 Rd2+
33. Kg3 Rxe3+ 34. Kf4 Rb3 35. Kg5 Kg7 36. Rh4 Rxg2+ 37. Kf4 Rxb1 38. Kf3 Ra2
39. Kf4 b5 40. h3 b4 41. Ke5 b3 42. Rb4 b2 43. Kd6 Rd1+ 44. Kxc6 b1=Q 45. Rxb1
Rxb1 0-1

[Event "Tournoi Skype 025B"]
[Site "Skype"]
[Date "????.??.??"]
[Round "7.33"]
[White "Hargez, Dany"]
[Black "Marty, Yvette"]
[Result "1-0"]
[WhiteElo "1189"]
[BlackElo "1000"]
[PlyCount "47"]

1. e4 e6 2. d4 d5 3. e5 Nc6 4. Nf3 a5 5. Bb5 Bd7 6. Bxc6 bxc6 7. c3 a4 8. Be3
Ne7 9. Bg5 Rb8 10. b3 axb3 11. axb3 c5 12. dxc5 c6 13. Nbd2 Qc7 14. O-O Ng6 15.
Re1 Bxc5 16. Be3 Bxe3 17. Rxe3 d4 18. cxd4 O-O 19. Ne4 c5 20. Nxc5 Rfe8 21. Na6
Qc6 22. Nxb8 Rxb8 23. Ng5 h6 24. Ne4 1-0

[Event "Tournoi Skype 025B"]
[Site "Skype"]
[Date "????.??.??"]
[Round "7.34"]
[White "Baker, Abi"]
[Black "Ramirez, Luis Antonio"]
[Result "0-1"]
[WhiteElo "1179"]
[BlackElo "1000"]
[PlyCount "118"]

1. c4 c5 2. g3 d5 3. Bg2 e6 4. Nc3 d4 5. Nb5 Nf6 6. d3 Be7 7. Bf4 O-O 8. Nc7
Nh5 9. Nxa8 Nxf4 10. gxf4 Nd7 11. Qd2 e5 12. e3 Bd6 13. Ne2 dxe3 14. fxe3 Qh4+
15. Ng3 exf4 16. O-O-O fxg3 17. hxg3 Qxg3 18. Be4 g6 19. Rdg1 Qe5 20. Rh3 Nf6
21. Qa5 Bxh3 22. Bxb7 Qh2 23. Rg5 h6 24. Rxc5 Ne8 25. Qxa7 Bg3 26. a4 Be1 27.
Kb1 Bf1 28. Ka2 Bc3 29. Qb6 Bxd3 30. Nc7 Nf6 31. a5 Ne4 32. Bxe4 Bxe4 33. a6
Qc2 34. Nd5 Bg7 35. a7 Qb1+ 36. Kb3 Qxb2+ 37. Ka4 Qc2+ 38. Kb5 Qd2 39. Qb7 Rd8
40. Ne7+ Kh7 41. Qxe4 Qb2+ 42. Kc6 Qf6+ 43. Kc7 Rd4 44. a8=Q Qd6+ 45. Kb7 Rxe4
46. Rc7 Be5 47. Nc6 Qxc7+ 48. Ka6 Bd4 49. exd4 Re3 50. d5 Ra3+ 51. Kb5 Rxa8 52.
c5 Qb7+ 53. Kc4 Ra4+ 54. Kd3 Qb5+ 55. Kc3 Qc4+ 56. Kd2 Ra3 57. d6 Qd3+ 58. Ke1
Ra2 59. Nb4 Qe2# 0-1